Statistics for Top 5 Countries to Criteria-Click Quiz

Click here to take the quiz!

General Stats

  • This quiz has been taken 15 times
  • The average score is 8 of 12

Answer Stats

HintAnswer% Correct
San Marino, Monaco, United States, Liechtenstein, IcelandMost Cars per Capita
83%
Iceland, Finland, Norway, Sweden, PhilippinesSmallest Gender Gap
83%
Niger, Uganda, Angola, Mali, ChadYoungest Median Age
83%
Nepal, Bhutan, Cambodia, Thailand, MongoliaLeast Christian But Not Muslim Majority
75%
Eritrea, East Timor, Burma, Burundi, Sierra Leone (Vatican City, North Korea)Fewest Internet Users
67%
China, Russia, Brazil, India, United StatesLongest Total Borders
67%
United States, China, United Kingdom, Indonesia, JapanBooks Published
58%
United States, Japan, France, United Kingdom, GermanyMost People in the Richest 1% of the World
58%
North Korea, Uzbekistan, Cambodia, India, QatarMost Slavery
58%
United States, China, Philippines, Mexico, JapanMost Tropical Cyclones
58%
Bolivia, Zimbabwe, South Africa, Norway, Singapore, SwitzerlandMost Official Languages
50%
India, China, Mexico, Philippines, EgyptMost Remittances
50%

Score Distribution

Percentile by Number Answered

Percent of People with Each Score

Your Score History

You have not taken this quiz